Statistiques concernant Pays qui ont été voisins de l'URSS

Cliquez ici pour prendre le quiz!

Statistiques générales

  • Ce quiz a été pris 123 fois
    (110 depuis la dernière actualisation)
  • Le résultat moyen est 10 sur 12

Statistiques - réponses

Réponse% Correct
Chine
96%
Pologne
93%
Mongolie
86%
Finlande
85%
Turquie
85%
Afghanistan
82%
Tchécoslovaquie / Slovaquie
79%
Roumanie
77%
Corée du Nord
76%
Iran
75%
Hongrie
70%
Norvège
65%

Distribution des résultats

Percentile par nombre de réponses

% des personnes avec chaque résultat

Votre développement - résultats

Vous n’avez pas pris ce quiz depuis la dernière actualisation